An industry poised to modernise, innovate and add value (Record no. 54146)

MARC details
000 -LEADER
fixed length control field 00430nam a2200133Ia 4500
100 ## - MAIN ENTRY--AUTHOR NAME
Personal name Copping Barry
245 #3 - TITLE STATEMENT
Title An industry poised to modernise, innovate and add value
260 ## - PUBLICATION, DISTRIBUTION, ETC. (IMPRINT)
Name of publisher European Rubber Journal
Year of publication 2013
300 ## - PHYSICAL DESCRIPTION
Number of Pages 21
520 ## - SUMMARY, ETC.
Summary, etc Barry copping visited Sri Lanka to find out first-hand how its rubber sector is faring.
650 ## - SUBJECT ADDED ENTRY--TOPICAL TERM
Topical Term Rubber industry
942 ## - ADDED ENTRY ELEMENTS (KOHA)
Koha item type Journals
Holdings
Withdrawn status Lost status Damaged status Not for loan Home library Current library Shelving location Date acquired Koha item type
      Journals RRII Library RRII Library Rubber general 17/10/2013 Journals